[Event "German Bundesliga 2021-22"]
[Site "Germany"]
[Date "2022.04.30"]
[Round "5.15"]
[White "Hausrath, Daniel"]
[Black "Meessen, Rudolf"]
[Result "1-0"]
[WhiteElo "2475"]
[BlackElo "2239"]
[Annotator "TA"]
[PlyCount "111"]
[EventDate "2022.03.05"]
[EventType "team-tourn"]
[EventCountry "GER"]
[SourceTitle "playchess.com"]
[Source "ChessBase"]
[SourceQuality "1"]
[TimeControl "40/5400+30:1800+30"]

{[%evp 12,111,67,56,52,27,49,47,53,49,55,44,45,33,22,26,26,22,8,-13,31,51,59,53,63,70,62,25,24,32,85,47,69,24,36,0,-5,-6,-3,-3,-6,-8,-7,-10,65,0,119,108,108,92,101,101,220,88,92,86,81,81,96,77,86,76,82,50,105,85,89,106,98,95,100,93,127,110,120,96,227,232,432,431,414,407,400,360,980,930,5501,2247,5346,1042,6418,6270,29962,29967,29982,29983,29983,29980,29980,29981,29984,29983]} 1. Nf3 {[%emt 0:00:00]} d6 {[%emt 0:00:00]} 2. d4 {[%emt 0:00:00]} g6 {[%emt 0:00:00]} 3. g3 {[%emt 0:00:00]} Bg7 {[%emt 0:00:00]} 4. Bg2 {[%emt 0:00:00]} e5 {[%emt 0:00:00]} 5. dxe5 {[%emt 0:00:00]} dxe5 {[%emt 0:00:00]} 6. Qxd8+ {[%emt 0:00:00]} Kxd8 {[%emt 0:00:00]} 7. Nc3 {[%emt 0:00:00] 7.0-0 deserves study.} c6 {[%emt 0:00:00] A41: 1 d4 d6: Tartakower System and Modern Defence.} 8. Be3 {[%emt 0:00:00][%cal Bc1e3,Be3c5,Bc5d6][%mdl 32]} f6 {[%emt 0:00:00]} 9. O-O-O+ {[%emt 0:00:00]} Kc7 {[%emt 0:00:00] White is slightly better.} 10. Bc5 {[%emt 0:03:43] [#] And now Bd6+ would win.} Be6 {[%emt 0:00:00]} 11. Bd6+ {[%emt 0:13:12]} Kc8 {[%emt 0:00:00] [#]} 12. Nd2 $146 {[%emt 0:00:20]} ({Predecessor:} 12. h4 h5 13. Ne4 Nh6 14. Be7 Nd7 15. Rd6 Bf5 16. Nxf6 Nf7 17. Nxd7 Nxd6 18. Bxd6 Kxd7 19. Bxe5 {0-1 (49) Donchenko,A (2572)-Valderrama Quiceno,E (2406) Chess.com INT 2016}) 12... Nh6 {[%emt 0:00:00]} 13. Nde4 {[%emt 0:01:37] aiming for Nc5.} Nd7 {[%emt 0:01:02]} 14. h4 {[%emt 0:39:40]} Nf7 {[%emt 0:01:16]} 15. Ba3 {[%emt 0:02:36]} f5 {[%emt 0:30:03]} 16. Ng5 {[%emt 0:01:13]} Nxg5 {[%emt 0:00:57]} 17. hxg5 {[%emt 0:00:02]} h5 {[%emt 0:08:55]} 18. e4 {[%emt 0:03:07]} Bf8 $1 {[%emt 0:10:26] Prevents Rd6.} 19. Bxf8 {[%emt 0:05:42]} Nxf8 {[%emt 0:04:57]} 20. exf5 {[%emt 0:09:38]} gxf5 {[%emt 0:08:51]} (20... Bxf5 $14 21. Rde1 Nd7) 21. Rhe1 {[%emt 0:04:35]} Nd7 {[%emt 0:04:04]} 22. Rd6 {[%emt 0:04:15]} Re8 {[%emt 0:00:07]} 23. Bf3 {[%emt 0:00:07]} Kc7 {[%emt 0:02:02]} 24. Red1 {[%emt 0:01:34]} Re7 {[%emt 0:02:02]} 25. Bxh5 {[%emt 0:00:28]} Rh8 {[%emt 0:08:58]} 26. Be2 $132 {[%emt 0:01:39][%mdl 2048] White puts up resistance} Rh2 {[%emt 0:03:47]} 27. f4 {[%emt 0:01:39]} e4 {[%emt 0:01:01] Against R6d3} (27... Rf2 $11) 28. g6 {[%emt 0:03:33]} (28. R6d4 $14) 28... Rg2 {[%emt 0:00:40]} (28... Rh6 $11 {remains equal.}) 29. g4 $1 $16 {[%emt 0:00:42]} ({Worse is} 29. g7 Rxg3 30. Rxe6 Rxe6 $17) 29... fxg4 {[%emt 0:07:12]} 30. g7 $1 {[%emt 0:00:09][%cal Od6e6]} Bg8 {[%emt 0:00:13]} 31. Rg6 {White is more active.} Re6 {[%emt 0:03:43] [#]} (31... Rf2 $16 {was necessary.}) 32. Rxg4 {[%emt 0:03:52]} (32. Rxe6 $1 $18 {is the precise move to win. Strongly threatening Re7.} Bxe6 33. Rh1) 32... Rg6 {[%emt 0:00:58]} 33. Rxg6 {[%emt 0:00:22]} Rxg6 {[%emt 0:00:02]} 34. Nxe4 {[%emt 0:00:14][%cal Oe2g4]} Rxg7 35. Ng5 Nf6 {[%emt 0:03:02]} 36. Bf3 {[%emt 0:01:08]} Re7 {[%emt 0:01:42]} 37. Rh1 {[%emt 0:01:10]} Nd5 {[%emt 0:01:41]} (37... Bd5 $14) 38. Rh8 {[%emt 0:00:39]} Rg7 {[%emt 0:00:44]} 39. Bxd5 {[%emt 0:00:51]} Bxd5 {[%emt 0:00:03][%mdl 4096] Endgame KRB-KRN} 40. b3 {[%emt 0:00:41]} b5 {[%emt 0:00:30] Against c4} 41. Kd2 {[%emt 0:31:09]} Kd6 {[%emt 0:00:00]} 42. Kd3 {[%emt 0:00:00]} Kc5 {[%emt 0:00:00] Inhibits c4.} 43. Rh7 {[%emt 0:00:00]} Rxh7 {[%emt 0:00:00] Loses the game.} (43... Rg8 $16 {was called for.}) 44. Nxh7 {[%emt 0:00:00] Ng5 is the strong threat. KB-KN} Bf7 $2 {[%emt 0:00:00]} (44... Kd6 {was worth a try.} 45. Ng5 Bg2) 45. f5 $18 {[%emt 0:00:00] Hoping for Ng5.} Kd6 {[%emt 0:01:12]} 46. Ke4 {[%emt 0:00:00]} a5 {[%emt 0:03:59]} 47. Ng5 {[%emt 0:00:00]} Bd5+ {[%emt 0:01:09]} (47... Bh5 48. c3 a4 49. bxa4 bxa4) 48. Kf4 {[%emt 0:00:00]} a4 {[%emt 0:03:40]} 49. Ne4+ {[%emt 0:00:00]} (49. bxa4 $142 bxa4 50. Ne4+ Ke7 51. a3) 49... Kc7 {[%emt 0:06:37]} 50. Ke5 {[%emt 0:00:00]} (50. bxa4 $142 bxa4 51. a3) 50... b4 {[%emt 0:01:40]} 51. Nc5 {[%emt 0:00:00]} axb3 {[%emt 0:00:17]} 52. axb3 {[%emt 0:00:00] White mates.} Kb6 {[%emt 0:03:27] Against Na6} 53. Ne6 {[%emt 0:00:00]} Bf3 {[%emt 0:00:25]} 54. f6 {[%emt 0:00:00]} Bh5 {[%emt 0:00:04]} 55. Kd6 {[%emt 0:00:00]} Bg6 {[%emt 0:01:21]} 56. Ke7 {[%emt 0:00:00] Weighted Error Value: White=0.13 (very precise) /Black=0.41} 1-0

[Event "German Bundesliga 2021-22"]
[Site "Germany"]
[Date "2022.04.30"]
[Round "5.15"]
[White "Sebastian, Dirk"]
[Black "Wagner, Dennis"]
[Result "1/2-1/2"]
[WhiteElo "2445"]
[BlackElo "2584"]
[Annotator "TA"]
[PlyCount "60"]
[EventDate "2022.03.05"]
[EventType "team-tourn"]
[EventCountry "GER"]
[SourceTitle "playchess.com"]
[Source "ChessBase"]
[SourceQuality "1"]
[TimeControl "40/5400+30:1800+30"]

{[%evp 10,60,20,9,18,8,13,6,11,12,11,11,33,0,7,0,0,0,0,0,0,0,0,0,0,0,14,0,0,0,30,25,34,15,37,16,30,35,52,54,63,52,87,61,64,0,0,0,81,0,0,0,79]} 1. e4 {[%emt 0:00:00]} e5 {[%emt 0:00:00]} 2. Nf3 {[%emt 0:00:00]} Nc6 {[%emt 0:00:00]} 3. Bc4 {[%emt 0:00:00]} Nf6 {[%emt 0:00:00]} 4. d3 {[%emt 0:00:00]} Bc5 {[%emt 0:00:00]} 5. O-O {[%emt 0:00:00]} d6 {[%emt 0:00:00]} 6. c3 {[%emt 0:00:00]} a5 {[%emt 0:00:00] 6...h6 is becoming the main line. C54: Giuoco Piano: 4 c3 Nf6, main lines with 5 d4 and 5 d3.} 7. Re1 {[%emt 0:00:00]} O-O {[%emt 0:00:00]} 8. h3 {[%emt 0:00:00]} Be6 {[%emt 0:00:00]} 9. Bb5 {[%emt 0:04:46]} Ba7 {[%emt 0:00:00]} 10. d4 {[%emt 0:13:50] [#] d5 is the strong threat.} Bd7 {[%emt 0:00:00][%cal Oc6d4]} 11. Ba4 {[%emt 0:05:08] [#]} Re8 $146 {[%emt 0:00:00]} ({Predecessor:} 11... h6 12. Be3 Re8 {0-1 (12) Gimenes,H (2176)-Cruz Ramirez,E (1600) LSS email 2020}) 12. Bc2 {[%emt 0:00:33]} h6 {[%emt 0:00:00]} 13. a4 {[%emt 0:19:07]} exd4 {[%emt 0:03:31]} 14. cxd4 {[%emt 0:00:25]} Nb4 {[%emt 0:00:07]} 15. Nc3 {[%emt 0:00:12]} Nxc2 {[%emt 0:00:06]} 16. Qxc2 {[%emt 0:00:03]} c6 {[%emt 0:00:35]} 17. Bd2 {[%emt 0:07:49]} Be6 {[%emt 0:04:12]} 18. Rac1 {[%emt 0:12:01]} d5 {[%emt 0:27:36]} 19. e5 {[%emt 0:00:13]} Nd7 {[%emt 0:00:07]} (19... Ne4 $5) 20. Be3 {[%emt 0:13:12]} Nf8 {[%emt 0:01:30]} 21. Ne2 {[%emt 0:01:01]} f6 {[%emt 0:06:42]} 22. Ng3 {[%emt 0:02:47]} fxe5 {[%emt 0:07:46]} 23. Nxe5 {[%emt 0:00:32]} Qf6 {[%emt 0:01:05]} 24. f4 {[%emt 0:02:46]} Bf7 {[%emt 0:11:05]} 25. Qf2 {[%emt 0:02:45] White is much more active.} Nh7 {[%emt 0:14:43]} 26. Qf3 {[%emt 0:02:26]} Rad8 {[%emt 0:06:27]} 27. Nh5 {[%emt 0:05:20]} (27. Bf2 $14) 27... Qf5 {[%emt 0:02:13]} (27... Bxh5 $11 28. Qxh5 Re7) 28. Ng3 $16 {[%emt 0:00:45]} Qf6 {[%emt 0:02:12]} 29. Nh5 {[%emt 0:00:05] Pair of Knights!} Qf5 {[%emt 0:00:05]} 30. Ng3 {[%emt 0:01:08]} Qf6 {Weighted Error Value: White=0.12 (very precise) /Black=0.07 (flawless)} 1/2-1/2

[Event "German Bundesliga 2021-22"]
[Site "Germany"]
[Date "2022.04.30"]
[Round "5.15"]
[White "Gauglitz, Gernot"]
[Black "Ciolek, Andreas"]
[Result "0-1"]
[WhiteElo "2392"]
[BlackElo "2194"]
[Annotator "TA"]
[PlyCount "75"]
[EventDate "2022.03.05"]
[EventType "team-tourn"]
[EventCountry "GER"]
[SourceTitle "playchess.com"]
[Source "ChessBase"]
[SourceQuality "1"]
[TimeControl "40/5400+30:1800+30"]

{[%evp 16,75,35,7,26,0,10,9,41,2,8,0,0,-22,-27,-45,-43,-69,0,0,0,0,0,-87,0,0,48,-31,-41,-63,2,-39,-15,-106,-99,-100,-100,-120,-125,-128,-105,-130,-121,-133,-116,-129,-131,-120,-126,-175,-158,-269,-281,-261,-252,-264,0,-264,0,0,0,0]} 1. d4 {[%emt 0:00:00]} Nf6 {[%emt 0:00:00]} 2. Nf3 {[%emt 0:00:00]} g6 {[%emt 0:00:00]} 3. g3 {[%emt 0:00:00]} Bg7 {[%emt 0:00:00]} 4. Bg2 {[%emt 0:00:00]} O-O {[%emt 0:00:00]} 5. O-O {[%emt 0:00:00]} d6 {[%emt 0:00:00]} 6. c4 {[%emt 0:00:00]} Nc6 {[%emt 0:00:00]} 7. Nc3 {[%emt 0:00:00]} a6 {[%emt 0:00:00]} 8. b3 {[%emt 0:00:00] is currently scoring better than 8.h3.} Rb8 {[%emt 0:00:00]} 9. a4 {[%emt 0:00:00]} Bd7 {[%emt 0:00:00] E63: King's Indian: Fianchetto: Panno Variation with 7...a6.} 10. h3 {[%emt 0:00:00]} e5 {[%emt 0:00:00]} 11. d5 {[%emt 0:04:54]} Nd4 {[%emt 0:10:52]} 12. Ne1 {[%emt 0:15:20]} b5 {[%emt 0:04:35]} 13. cxb5 {[%emt 0:01:10]} axb5 {[%emt 0:00:07]} 14. e3 {[%emt 0:00:06]} Nf5 {[%emt 0:01:42][%cal Oe5e4] [#]} 15. a5 $146 {[%emt 0:07:08]} ({Predecessor:} 15. Bd2 Qc8 16. Kh2 bxa4 17. bxa4 Qa6 18. Qc2 c6 19. dxc6 Bxc6 20. Bxc6 Qxf1 21. Bc1 Qxe1 {½-½ (84) Rustemov,A (2525)-Antonio,V (2397) Chess.com INT 2021}) 15... b4 {[%emt 0:02:46]} 16. Ne2 {[%emt 0:01:23]} Rb5 {[%emt 0:08:32] Black is more active.} (16... Ne7 $15) 17. e4 $11 {[%emt 0:04:42]} Ne7 {[%emt 0:02:57]} 18. a6 {[%emt 0:10:10]} c5 {[%emt 0:10:03]} 19. Bb2 {[%emt 0:04:39]} (19. f4 $11 {remains equal.} Nh5 20. a7) 19... Ne8 {[%emt 0:04:34]} ({Black should try} 19... Ra5 $17 {Strongly threatening ...Rxa1.} 20. f4 exf4) 20. f4 {[%emt 0:00:12]} f6 {[%emt 0:04:18]} (20... exf4 $11 21. Qd2 (21. Bxg7 Nxg7 22. Qd2 fxg3 $11) 21... fxg3) 21. Nf3 {[%emt 0:01:30]} (21. g4 $14) 21... Qa8 {[%emt 0:06:25]} (21... Rb6 {keeps more tension.} 22. fxe5 fxe5 23. Ng5 Rf6) 22. g4 {[%emt 0:04:11]} h6 {[%emt 0:06:13]} (22... Rb6 $1 $15) 23. fxe5 {[%emt 0:14:35]} fxe5 {[%emt 0:01:38]} 24. Nd2 {[%emt 0:04:04] [#]} (24. g5 $1 $11 {keeps the balance.}) 24... Rb6 $1 $17 {[%emt 0:01:21]} 25. Rxf8+ {[%emt 0:00:19]} Bxf8 {[%emt 0:00:53]} 26. a7 {[%emt 0:06:31]} Rb7 {[%emt 0:00:51][%cal Bb6b7,Bb7a7,Ba7a2][%mdl 32]} 27. Nc4 {[%emt 0:01:23][%cal Oc4d6]} Rxa7 {[%emt 0:01:44]} 28. Rc1 {[%emt 0:04:51]} Bg7 {[%emt 0:02:32][%cal Bf8g7,Bg7f6,Bf6h4][%mdl 32]} 29. Ng3 {[%emt 0:00:15]} Bb5 {[%emt 0:05:50]} 30. Bf1 {[%emt 0:02:26]} Bxc4 {[%emt 0:00:38]} 31. Bxc4 {[%emt 0:00:02]} Bf6 {[%emt 0:00:28]} 32. Qf3 {[%emt 0:01:33]} (32. Qd3 $17 {might work better.}) 32... Ra2 $19 {[%emt 0:02:11]} 33. Qf2 {[%emt 0:10:46]} (33. Qe2 $17) 33... Bh4 {[%emt 0:02:37] Hoping for ...Bxg3.} 34. Rf1 {[%emt 0:02:16] White wants to mate with Qf8+.} Nf6 {[%emt 0:00:24]} (34... Rxb2 $2 {gets mated.} 35. Qf8+ Kh7 36. Rf7+) 35. Bd3 {[%emt 0:00:46] [#]} Kg7 $2 {[%emt 0:03:43]} (35... Qf8 $1 $19 {Threatens to win with ...Kg7.} 36. Kg2 Qf7) 36. Kh2 $2 {[%emt 0:00:44][%mdl 8192]} (36. Nh5+ $1 $11 {and White stays safe.} gxh5 37. Qxh4) 36... Nexd5 $2 {[%emt 0:08:37]} 37. exd5 $11 {[%emt 0:00:40]} Qxd5 {[%emt 0:00:08] Dancing on a razor blade.} 38. Bc4 {[%emt 0:02:54][%mdl 32768] Weighted Error Value: White=0.41/Black=0.31. Loss on time!?} 0-1

[Event "German Bundesliga 2021-22"]
[Site "Germany"]
[Date "2022.04.30"]
[Round "5.15"]
[White "Rietze, Clemens"]
[Black "Zilka, Stepan"]
[Result "0-1"]
[WhiteElo "2279"]
[BlackElo "2599"]
[Annotator "TA"]
[PlyCount "104"]
[EventDate "2022.03.05"]
[EventType "team-tourn"]
[EventCountry "GER"]
[SourceTitle "playchess.com"]
[Source "ChessBase"]
[SourceQuality "1"]
[TimeControl "40/5400+30:1800+30"]

{[%evp 20,104,19,19,19,0,1,-8,0,0,-6,-1,-4,-7,0,-8,-2,-16,-16,-6,-13,-16,-16,-16,-16,-16,-16,-16,-16,-16,-16,-16,-16,-21,-9,-37,-16,-16,-16,-23,-16,-37,-22,-21,-16,-133,-140,-155,-140,-143,-150,-193,-199,-190,-195,-266,-266,-266,-260,-260,-260,-348,-346,-335,-300,-421,-266,-266,-235,-553,-535,-741,-741,-741,-740,-740,-740,-726,-695,-684,-680,-664,-550,-29978,-29979,-29975,-12229]} 1. d4 {[%emt 0:00:00]} Nf6 {[%emt 0:00:00]} 2. c4 {[%emt 0:00:00]} e6 {[%emt 0:00:00]} 3. Nf3 {[%emt 0:00:00]} b6 {[%emt 0:00:00]} 4. g3 {[%emt 0:00:00]} Bb7 {[%emt 0:00:00]} 5. Bg2 {[%emt 0:00:00]} Be7 {[%emt 0:00:00]} 6. O-O {[%emt 0:00:00]} O-O {[%emt 0:00:00]} 7. Nc3 {[%emt 0:00:00]} Ne4 {[%emt 0:00:00]} 8. Bd2 {[%emt 0:00:00]} d6 {[%emt 0:00:00]} 9. Ne1 {[%emt 0:08:00]} Nxc3 {[%emt 0:00:00]} 10. Bxc3 {[%emt 0:00:30]} Bxg2 {[%emt 0:00:00]} 11. Nxg2 {[%emt 0:00:30]} d5 {[%emt 0:00:00] E18: Queen's Indian: Old Main Line (4 g3 Bb7 5 Bg2 Be7 6 0-0 0-0 7 Nc3).} 12. Qb3 {[%emt 0:11:30]} c6 {[%emt 0:00:30] [#]} 13. e4 $146 {[%emt 0:04:30]} ({Predecessor:} 13. Nf4 Nd7 14. Nd3 {½-½ (14) Miton,K (2629)-Polgar,J (2682) Khanty-Mansiysk 2010}) 13... dxe4 {[%emt 0:02:30] The position is equal.} 14. Rfe1 {[%emt 0:00:30]} Nd7 {[%emt 0:11:30]} 15. Rxe4 {[%emt 0:03:30]} b5 {[%emt 0:03:30]} 16. cxb5 {[%emt 0:19:30]} Rb8 {[%emt 0:00:30]} 17. a4 {[%emt 0:00:30]} Nf6 {[%emt 0:05:30]} 18. Ree1 {[%emt 0:03:30]} a6 {[%emt 0:13:30]} 19. Nf4 {[%emt 0:03:30][%cal Of4e6]} axb5 {[%emt 0:02:30]} 20. axb5 {[%emt 0:00:30]} Rxb5 {[%emt 0:01:30]} 21. Qc4 {[%emt 0:02:30]} Nd5 {[%emt 0:04:30]} 22. Nxd5 {[%emt 0:10:30]} Qxd5 {[%emt 0:00:30]} 23. Qxd5 {[%emt 0:02:30]} cxd5 {[%emt 0:00:00]} 24. Ra7 {[%emt 0:00:00]} Bb4 {[%emt 0:03:00]} 25. Rea1 {[%emt 0:00:00]} g5 {[%emt 0:01:30]} 26. h3 {[%emt 0:06:30]} Rc8 {[%emt 0:02:30]} 27. Ra8 {[%emt 0:03:30]} Rxa8 {[%emt 0:00:30]} 28. Rxa8+ $15 {[%emt 0:00:00][%mdl 4096] Endgame KRB-KRB} Kg7 {[%emt 0:00:00]} 29. Kg2 {[%emt 0:01:00]} h5 {[%emt 0:01:00]} 30. Kf3 {[%emt 0:02:30]} Rb7 {[%emt 0:01:30]} 31. Rc8 {[%emt 0:00:30]} Rb6 {[%emt 0:06:30]} 32. h4 {[%emt 0:05:17] Black converts the advantage convincingly.} (32. Ke3 $11) 32... gxh4 $17 {[%emt 0:03:30]} 33. gxh4 {[%emt 0:00:02]} Be7 {[%emt 0:00:30]} 34. Kg3 {[%emt 0:00:49] [#]} Ra6 $1 {[%emt 0:02:30] Against Ra8} 35. Bd2 {[%emt 0:03:01]} Bf6 {[%emt 0:01:30]} 36. Bc3 {[%emt 0:07:02]} Ra1 {[%emt 0:03:30]} 37. b4 {[%emt 0:01:57]} (37. f3 {was worth a try.}) 37... Ra3 $19 {[%emt 0:02:30] Hoping for ...Bxd4.} 38. f3 {[%emt 0:01:32]} Rb3 {[%emt 0:00:30]} 39. Rc7 {[%emt 0:01:20]} Kg6 {[%emt 0:02:30]} 40. Kh3 {[%emt 0:01:50]} Bd8 {[%emt 0:00:00]} 41. Rc8 {[%emt 0:00:00]} Be7 {[%emt 0:00:00]} 42. Kg3 {[%emt 0:00:00]} (42. Be1 $142) 42... Kf5 {[%emt 0:00:00]} 43. Be1 {[%emt 0:00:00]} Rb1 {[%emt 0:00:00]} ({Don't blunder} 43... Bxb4 $2 44. Bf2 $19) 44. Bd2 {[%emt 0:00:00] [#]} (44. Bf2) 44... Bd6+ {[%emt 0:00:00]} 45. Kf2 {[%emt 0:00:00]} Rb2 {[%emt 0:00:00]} 46. Ke1 {[%emt 0:00:00]} Bxb4 {[%emt 0:00:00]} 47. Bxb4 {[%emt 0:00:00]} Rxb4 {[%emt 0:00:00] KR-KR} 48. Rh8 {[%emt 0:00:40]} Kg6 {[%emt 0:02:30]} 49. Rg8+ {[%emt 0:00:30]} Kh7 {[%emt 0:00:30]} 50. Rg5 {[%emt 0:00:30]} f6 {[%emt 0:00:30]} 51. Rxh5+ {[%emt 0:00:30]} Kg7 {[%emt 0:00:30]} 52. Ke2 {[%emt 0:00:30]} Rb8 {[%emt 0:00:30] Weighted Error Value: White=0.48/Black=0.06 (flawless)} 0-1

[Event "German Bundesliga 2021-22"]
[Site "Germany"]
[Date "2022.04.30"]
[Round "5.16"]
[White "Maze, Sebastien"]
[Black "Meissner, Felix"]
[Result "1-0"]
[WhiteElo "2527"]
[BlackElo "2381"]
[Annotator "TA"]
[PlyCount "47"]
[EventDate "2022.03.05"]
[EventType "team-tourn"]
[EventCountry "GER"]
[SourceTitle "playchess.com"]
[Source "ChessBase"]
[SourceQuality "1"]
[TimeControl "40/5400+30:1800+30"]

{[%evp 9,47,16,45,49,44,25,33,29,45,37,38,35,39,45,37,37,60,70,191,204,293,266,356,363,342,290,380,390,377,388,379,356,710,709,1300,1290,1538,1418,29994,29995]} 1. e4 {[%emt 0:00:00]} c5 {[%emt 0:00:00]} 2. Nc3 {[%emt 0:00:00]} a6 {[%emt 0:00:00]} 3. g3 {[%emt 0:00:00]} b5 {[%emt 0:00:00]} 4. Bg2 {[%emt 0:00:00]} Bb7 {[%emt 0:00:00]} 5. Nge2 {[%emt 0:00:00]} e5 {[%emt 0:00:00]} 6. f4 {[%emt 0:00:19] B23: Closed Sicilian: Lines without g3.} d6 {[%emt 0:00:00]} 7. a4 {[%emt 0:04:56]} b4 {[%emt 0:01:50]} 8. Nd5 {[%emt 0:00:05] White is slightly better.} Ne7 {[%emt 0:03:36]} 9. O-O {[%emt 0:08:37]} Nxd5 {[%emt 0:07:12]} 10. exd5 {[%emt 0:00:03]} Nd7 {[%emt 0:01:13] [#]} 11. fxe5 $146 {[%emt 0:05:34]} ({Predecessor:} 11. c4 bxc3 12. bxc3 c4 13. Rb1 Qc7 14. Ba3 Rb8 15. Re1 Be7 16. fxe5 dxe5 17. Bxe7 Kxe7 {0-1 (39) Wang,C (2513)-Zhou,J (2574) China 2014}) 11... dxe5 {[%emt 0:03:34]} 12. c4 {[%emt 0:01:31]} Bd6 {[%emt 0:05:41]} 13. g4 {[%emt 0:13:54]} h5 {[%emt 0:30:25] Black cannot hold the game after this.} (13... e4 $14) 14. Ng3 $18 {[%emt 0:00:05]} hxg4 {[%emt 0:03:52]} (14... h4 $142) 15. Qxg4 {[%emt 0:00:05]} g6 {[%emt 0:04:01]} 16. Ne4 {[%emt 0:02:00]} Be7 {[%emt 0:06:21]} 17. d3 {[%emt 0:03:29] Black must now prevent Bg5.} Nf8 {[%emt 0:08:25]} 18. Qg3 {[%emt 0:01:25]} (18. Qf3 f5 $16) 18... Rh5 {[%emt 0:02:36]} 19. Bf3 {[%emt 0:03:01]} Rf5 {[%emt 0:01:11]} 20. Be3 {[%emt 0:00:04]} Rc8 $2 {[%emt 0:08:27]} (20... a5 21. Bg4 Bc8 22. Bxf5 (22. Nxc5 Rxf1+ 23. Rxf1 Bxg4 $16) (22. Bxc5 Rxf1+ 23. Rxf1 Bxc5+ 24. Nxc5 Bxg4 $18) 22... gxf5) 21. Bg4 {[%emt 0:00:32]} Rxf1+ {[%emt 0:00:37]} 22. Rxf1 {[%emt 0:00:04]} f5 {[%emt 0:00:34] [#]} 23. Qxe5 $1 {[%emt 0:00:46][%cal Of1f5] Intending Rxf5! and mate.} fxg4 {[%emt 0:04:09] [#]} (23... Ba8 24. Rxf5) 24. Rxf8+ $1 {[%emt 0:06:18][%mdl 576] Pin.  Weighted Error Value: White=0.05 (flawless) /Black=0.62} 1-0

[Event "German Bundesliga 2021-22"]
[Site "Germany"]
[Date "2022.04.30"]
[Round "5.16"]
[White "Hennig, Dirk"]
[Black "Loxine, Jakov"]
[Result "1-0"]
[WhiteElo "2385"]
[BlackElo "2390"]
[Annotator "TA"]
[PlyCount "69"]
[EventDate "2022.03.05"]
[EventType "team-tourn"]
[EventCountry "GER"]
[SourceTitle "playchess.com"]
[Source "ChessBase"]
[SourceQuality "1"]
[TimeControl "40/5400+30:1800+30"]

{[%evp 21,68,46,33,35,41,58,59,48,122,103,105,87,140,134,167,145,127,137,190,181,229,208,235,258,257,260,250,245,239,237,248,258,270,95,93,94,138,137,229,227,227,232,351,354,344,313,1267,1251,29999]} 1. d4 {[%emt 0:00:00]} Nf6 {[%emt 0:00:00]} 2. Nf3 {[%emt 0:00:00]} g6 {[%emt 0:00:00]} 3. c4 {[%emt 0:00:00]} Bg7 {[%emt 0:00:00]} 4. g3 {[%emt 0:00:00]} O-O {[%emt 0:00:00]} 5. Bg2 {[%emt 0:00:00]} d6 {[%emt 0:00:00]} 6. O-O {[%emt 0:00:00]} Nbd7 {[%emt 0:00:00]} 7. Qc2 {[%emt 0:00:00]} e5 {[%emt 0:00:00]} 8. Rd1 {[%emt 0:00:00]} exd4 {[%emt 0:02:08]} 9. Nxd4 {[%emt 0:00:00]} Re8 {[%emt 0:00:04]} 10. Nc3 {[%emt 0:00:00]} a6 {[%emt 0:05:22]} 11. b3 {[%emt 0:04:09]} Rb8 {[%emt 0:08:21]} 12. Bb2 {[%emt 0:07:24] E67: King's Indian: Fianchetto: 6...Nbd7.} c5 {[%emt 0:23:52]} 13. Nf3 {[%emt 0:00:46]} b5 {[%emt 0:00:57]} 14. cxb5 {[%emt 0:03:42] [#] White is slightly better.} Qe7 $146 {[%emt 0:04:31]} ({Black should try} 14... axb5 $14 15. Rxd6 b4) ({Predecessor:} 14... axb5 15. Rxd6 b4 16. Na4 Qe7 17. Rad1 Ne4 18. Rc6 Bxb2 19. Qxb2 Ndf6 20. Nxc5 Nc3 21. Re1 Ng4 22. e3 Rb5 23. Nd3 Bb7 24. Rc4 Ne4 25. Nd4 Rb6 26. f3 {1-0 (26) Gukesh,D (2529)-Setyaki,A (2378) Ho Chi Minh City 2019}) 15. bxa6 {[%emt 0:01:55] White is more active.} Bxa6 {[%emt 0:00:22]} 16. e3 {[%emt 0:08:17]} Nb6 {[%emt 0:02:53]} ({Better is} 16... Red8) 17. a4 $16 {[%emt 0:17:44]} Nc8 {[%emt 0:06:21]} 18. Rab1 {[%emt 0:03:37]} Bb7 {[%emt 0:06:16]} 19. Ne1 {[%emt 0:02:31]} Qe6 {[%emt 0:02:16]} (19... Na7 $16 {was necessary.} 20. Ba1 Bxg2 21. Nxg2 Nc6) 20. Nb5 $18 {[%emt 0:01:35] [#] aiming for Nc7.} Bxg2 {[%emt 0:01:15]} (20... Re7 {is a better defense.} 21. b4 Bxg2 22. Nxg2 Qe4) 21. Nxg2 {[%emt 0:00:51]} (21. Kxg2 Qe7 22. Nf3 Rd8) 21... Qg4 {[%emt 0:11:11]} 22. Bxf6 {[%emt 0:04:26]} Bxf6 {[%emt 0:00:04]} 23. Nxd6 {[%emt 0:02:12]} Nxd6 {[%emt 0:00:28]} 24. Rxd6 {[%emt 0:00:09]} Be7 {[%emt 0:02:02]} 25. Rdd1 {[%emt 0:03:11]} (25. Qxc5 Bxd6 26. Qxd6 Red8 $17) 25... g5 {[%emt 0:00:18]} 26. Ne1 {[%emt 0:02:33]} Rb6 {[%emt 0:01:34]} 27. f3 $2 {[%emt 0:10:44]} (27. Rd5 $18 {has better winning chances.}) 27... Qe6 $16 {[%emt 0:00:52]} 28. e4 {[%emt 0:06:10]} g4 {[%emt 0:04:38]} 29. Rd5 {[%emt 0:00:56]} Bf6 {[%emt 0:04:30]} (29... h6 $16 {was called for.} 30. Rbd1 Bf8 31. fxg4 Qxg4) 30. Qxc5 $18 {[%emt 0:04:37]} gxf3 {[%emt 0:00:22]} 31. Nxf3 {[%emt 0:00:23]} Qxe4 {[%emt 0:09:33]} (31... Rc8 $142 32. Qe3 Rb4) 32. Re1 {[%emt 0:00:37]} Be7 {[%emt 0:02:02]} 33. Rg5+ {[%emt 0:04:41]} ({Weaker is} 33. Rxe4 Bxc5+ 34. Red4 (34. Rxc5 Rxe4 35. Kf1 Kg7 $11) 34... Bxd4+ 35. Nxd4 Rb4 $11) (33. Qxb6 Qxd5 34. Kg2 (34. Nd4 Kg7 $11) 34... Rc8 35. Rxe7 Rc2+ 36. Kg1 Qxf3 37. Re8+ Kg7 38. Qd4+ f6 39. Qd7+ Kh6 40. Qh3+ Qh5 41. Qxh5+ Kxh5) 33... Kf8 $2 {[%emt 0:00:07]} (33... Rg6 34. Qb5 (34. Rxe4 Bxc5+ 35. Rxc5 Rxe4 $11) 34... Qa8) 34. Qxb6 {[%emt 0:00:24][%cal Rb6h6] [#]} ({Worse is} 34. Rxe4 Bxc5+ 35. Rxc5 Rxe4 $11) 34... Qxf3 {[%emt 0:00:37]} 35. Qh6# {[%emt 0:00:34] Weighted Error Value: White=0.14 (very precise) /Black=0.55} 1-0